Literary theory : Indian conceptual framework (Record no. 50171)
[ view plain ]
| 000 -LEADER | |
|---|---|
| fixed length control field | 00592nam a22001937a 4500 |
| 005 - DATE AND TIME OF LATEST TRANSACTION | |
| control field | 20220405175405.0 |
| 008 - FIXED-LENGTH DATA ELEMENTS--GENERAL INFORMATION | |
| fixed length control field | 220404b |||||||| |||| 00| 0 eng d |
| 020 ## - INTERNATIONAL STANDARD BOOK NUMBER | |
| International Standard Book Number | 9788176710947 |
| Qualifying information | pbk |
| 082 ## - DEWEY DECIMAL CLASSIFICATION NUMBER | |
| Classification number | 891.209 |
| Item number | KAP |
| 100 ## - MAIN ENTRY--PERSONAL NAME | |
| Personal name | Kapoor, Kapil |
| 245 ## - TITLE STATEMENT | |
| Title | Literary theory : Indian conceptual framework |
| 250 ## - EDITION STATEMENT | |
| Edition statement | c.1998 ; Rep. 2013 |
| 260 ## - PUBLICATION, DISTRIBUTION, ETC. | |
| Place of publication, distribution, etc. | New Delhi |
| Name of publisher, distributor, etc. | Affiliated East-West Press |
| Date of publication, distribution, etc. | 1998 |
| 300 ## - PHYSICAL DESCRIPTION | |
| Extent | vii, 210p. ; 23cm. |
| 653 ## - INDEX TERM--UNCONTROLLED | |
| Uncontrolled term | Indic literature (English) |
| 653 ## - INDEX TERM--UNCONTROLLED | |
| Uncontrolled term | Indic literature -- History and criticism -- Theory |
| 700 ## - ADDED ENTRY--PERSONAL NAME | |
| Personal name | Ratnam, Nalini M. |
| 942 ## - ADDED ENTRY ELEMENTS (KOHA) | |
| Source of classification or shelving scheme | Dewey Decimal Classification |
| Koha item type | Book |
| Withdrawn status | Lost status | Source of classification or shelving scheme | Damaged status | Not for loan | Home library | Current library | Shelving location | Date acquired | Source of acquisition | Total Checkouts | Full call number | Barcode | Date last seen | Price effective from | Koha item type |
|---|---|---|---|---|---|---|---|---|---|---|---|---|---|---|---|
| Dewey Decimal Classification | LRC, IIT Indore | LRC, IIT Indore | 2nd Floor - General Stack | 04/04/2022 | PO_2021-22_36 ; Sarat Book House Pvt. Ltd., Kolkata; Bill No. SBHPL/INV/1097/2021-2022, dt.17.03.2022 ; Price: INR 295.00 | 891.209 KAP | 35247 | 04/04/2022 | 04/04/2022 | Book |
